National Assembly Library of Thailand

การจัดการเพื่อพัฒนาคุณภาพรวมขององค์การ : แนวคิดและกระบวนการในการนำไปปฏิบัติ [2nd] (ระเบียนเลขที่ 10517)

รายละเอียดในรูปแบบ MARC
000 -LEADER
fixed length control field 01075nam a22002177a 4500
005 - DATE AND TIME OF LATEST TRANSACTION
control field 20210325180914.0
008 - FIXED-LENGTH DATA ELEMENTS--GENERAL INFORMATION
fixed length control field s2544 th tha d
020 ## - INTERNATIONAL STANDARD BOOK NUMBER
International Standard Book Number 9742310793
041 ## - LANGUAGE CODE
Language code of text/sound track or separate title tha
050 ## - LIBRARY OF CONGRESS CALL NUMBER
Classification number HD62.15 ส875ก 2544
100 0# - MAIN ENTRY--PERSONAL NAME
Personal name สุวรรณี แสงมหาชัย
245 10 - TITLE STATEMENT
Title การจัดการเพื่อพัฒนาคุณภาพรวมขององค์การ : แนวคิดและกระบวนการในการนำไปปฏิบัติ [2nd]
260 3# - PUBLICATION, DISTRIBUTION, ETC.
Place of publication, distribution, etc. กรุงเทพฯ :
Name of publisher, distributor, etc. โครงการเอกสารและตำรา สมาคมรัฐประศาสนศาสตร์ สถาบันบัณฑิตพัฒนบริหารศาสตร์,
Date of publication, distribution, etc. 2544
300 ## - PHYSICAL DESCRIPTION
Extent 77 หน้า ;
Other physical details 26 ซม.
650 04 - SUBJECT ADDED ENTRY--TOPICAL TERM
Topical term or geographic name entry element การบริหารคุณภาพโดยรวม
650 04 - SUBJECT ADDED ENTRY--TOPICAL TERM
Topical term or geographic name entry element การจัดการ
850 ## - HOLDING INSTITUTION
Holding institution NALT
942 ## - ADDED ENTRY ELEMENTS (KOHA)
Koha item type General Book
Koha issues (borrowed), all copies 2
997 ## -
-- 000000000010517
998 ## - LOCAL CONTROL INFORMATION (RLIN)
-- BENJALUCK
รายการที่มีในห้องสมุด
Withdrawn status Lost status Damaged status Not for loan Collection code Home library Current library Cost, normal purchase price Total Checkouts Total Renewals Full call number Barcode Date last seen Date last checked out Cost, replacement price Price effective from Koha item type
        General Book collection National Assembly Library of Thailand National Assembly Library of Thailand 80.00 2 2 HD 62.15 ส875ก 2544 3961144298 19/07/2018 05/07/2018 130.00 09/06/2017 General Book
หอสมุดรัฐสภา
สำนักงานเลขาธิการสภาผู้แทนราษฎร เลขที่ 1111 ถนนสามเสน แขวงถนนนครไชยศรี เขตดุสิต กรุงเทพฯ 10300
The Secretariat of the House of Representatives 1111 Samsen Road, Thanon Nakhon Chai Si, Dusit, Bangkok 10300, THAILAND
โทรศัพท์: +66(0) 2242 5900 ต่อ 5714-5 โทรสาร: +66(0) 2242 5990 อีเมล: [email protected]